[Event "XLII San Sebastian Open 2019"]
[Site "San Sebastian"]
[Date "2019.04.20"]
[Round "9.2"]
[White "Perez Gonzalez, Jose Manuel"]
[Black "Vazquez Igarza, Renier"]
[Result "0-1"]
[WhiteElo "2231"]
[BlackElo "2548"]
[Annotator "TA"]
[PlyCount "80"]
[EventDate "2019.04.13"]
[EventType "swiss"]
[EventCountry "ESP"]
[SourceTitle "playchess.com"]
[Source "ChessBase"]
[SourceQuality "1"]

{[%evp 18,80,41,6,0,1,31,0,4,0,10,-25,0,-39,-43,-41,-16,-52,-38,-40,-52,-83,-80,-124,-131,-157,-117,-151,-86,-87,-94,-89,-70,-75,-71,-70,-69,-67,-67,-67,-67,-61,-62,-61,-85,-338,-335,-326,-325,-474,-474,-466,-466,-457,-443,-405,-350,-858,-876,-2066,-1975,-6103,-6091,-5085,-2620]} 1. e4 c5 2. Nf3 e6 3. d4 cxd4 4. Nxd4 Nf6 5. Nc3 d6 6. Be3 a6 7. f3 b5 8. Qd2 Nbd7 9. g4 Nb6 10. Qf2 Nfd7 $1 {B80: Sicilian Scheveningen: 6 g3 and 6 Be3, including English Attack} 11. a4 (11. O-O-O Bb7 12. Nb3 Rc8 13. Nxb5 axb5 14. Bxb5 Bc6 15. Bd3 Be7 16. f4 O-O 17. g5 Ba4 18. Kb1 Nc4 19. e5 Bxb3 20. cxb3 Nxe3 21. Qxe3 {0-1 (28) Polgar,J (2710)-Kasparov,G (2812) Zuerich 2006}) 11... bxa4 12. Nxa4 Nxa4 {The position is equal.} 13. Rxa4 Bb7 14. Nb3 Be7 15. h4 {[#]} d5 $146 ({Predecessor:} 15... a5 16. h5 O-O {½-½ (38) Polgar,J (2656)-Svidler,P (2689) Tallinn 2001}) 16. Na5 Qc7 17. Nxb7 Qxb7 18. Bd3 Ne5 19. O-O O-O 20. Rfa1 {[%cal Rd3a6] [#]} Bxh4 $1 {[%mdl 512]} 21. Qg2 (21. Qxh4 Nxf3+) 21... Bf6 22. g5 Bd8 ({Black should try} 22... Be7 23. Bxa6 Qxb2) 23. Bxa6 $17 Qxb2 24. f4 Bb6 25. Bxb6 $1 Qxb6+ 26. Qf2 Nd7 27. exd5 Qxf2+ 28. Kxf2 Nb6 29. Ra5 Nxd5 30. Kf3 f6 {Threatens to win with ...fxg5.} 31. Bb7 $2 {[%mdl 8192]} (31. c4 $17 Ne7 32. Bb7 Rxa5 33. Rxa5) 31... Rxa5 $19 32. Rxa5 fxg5 33. Bxd5 (33. c4 $142 Rxf4+ 34. Ke2) 33... Rxf4+ ({Weaker is} 33... exd5 34. Rxd5 Rxf4+ 35. Ke3 $19) 34. Ke3 exd5 35. Rxd5 {[%mdl 4096] Endgame KR-KR} h6 36. Rd1 Kf7 37. Kd3 $2 (37. Rc1) 37... g4 {Black is clearly winning.} 38. c4 g3 39. c5 g2 {[#] ( -> ...Rf1)} 40. Rg1 Rg4 {Accuracy: White = 37%, Black = 94%.} 0-1

[Event "XLII San Sebastian Open 2019"]
[Site "San Sebastian"]
[Date "2019.04.20"]
[Round "9.4"]
[White "Cifuentes Parada, Roberto"]
[Black "Pulvett Marin, Daniel Eduardo"]
[Result "0-1"]
[WhiteElo "2445"]
[BlackElo "2468"]
[Annotator "TA"]
[PlyCount "44"]
[EventDate "2019.04.13"]
[EventType "swiss"]
[EventCountry "ESP"]
[SourceTitle "playchess.com"]
[Source "ChessBase"]
[SourceQuality "1"]

{[%evp 11,44,45,44,57,52,47,43,8,21,20,16,0,14,20,8,9,22,21,11,0,0,-143,-160,-218,-214,-214,-227,-208,-223,-210,-212,-246,-238,-679,-687]} 1. d4 e6 2. Nf3 c5 3. e3 Nf6 4. Bd3 Nc6 5. O-O b6 6. c4 Bb7 7. Nc3 {E14: Queen's Indian: Classical Variation (4 e3)} d5 (7... cxd4 8. exd4 d5 9. cxd5 Nxd5 10. Re1 Nxc3 11. bxc3 Be7 12. Rb1 O-O 13. h4 g6 14. Bh6 Re8 {1-0 (29) Kovalenko,I (2615)-Miezis,N (2554) Liepaja 2014}) 8. cxd5 Nxd5 9. e4 $146 {White is slightly better.} ({Predecessor:} 9. a3 cxd4 10. exd4 Be7 11. Re1 O-O 12. Qc2 g6 13. Bh6 Re8 14. Ne4 Rc8 15. Qe2 Nf6 16. Rad1 Nxd4 17. Nxd4 Qxd4 18. Be3 Qe5 19. f4 Qb8 20. Nxf6+ Bxf6 {0-1 (34) Srdanovic,J (2072)-Sanskriti,G (1971) Porto Carras 2018}) 9... Nxc3 10. bxc3 {Threatening d5.} Be7 11. Bb2 cxd4 12. cxd4 O-O 13. Qe2 Nb4 14. Bc4 Rc8 15. a3 Nc2 16. Ra2 {[#]} (16. Rac1 $11 {keeps the balance.} Nxa3 17. Ba6 Bxa6 18. Qxa6 {[%mdl 64] Double Attack}) 16... Bxe4 $1 $17 {[%mdl 512]} 17. Ne5 (17. Qxe4 $17 Rxc4 18. Ne5) 17... Bd5 $19 {And now ...f6 would win.} ({Weaker is} 17... Bf5 18. g4 $15) 18. Qxc2 {[#]} b5 $1 {[%mdl 512]} 19. Bc3 {Bb3 is the strong threat.} (19. Bxb5 Rxc2) 19... Bxc4 20. Nxc4 Rxc4 ({Don't play} 20... bxc4 21. Qa4 $17) 21. Qd2 Qd5 22. Rd1 $2 {[#]} (22. Bb4 Rxd4 23. Qe2 Bxb4 24. axb4) 22... Rxc3 $1 {[%mdl 512] Accuracy: White = 36%, Black = 81%.} 0-1

[Event "XLII San Sebastian Open 2019"]
[Site "San Sebastian"]
[Date "2019.04.20"]
[Round "9.5"]
[White "Del Rio De Angelis, Salvador G."]
[Black "Garcia Salamero, Gabriel"]
[Result "1-0"]
[WhiteElo "2457"]
[BlackElo "2177"]
[Annotator "ChessBase"]
[PlyCount "127"]
[EventDate "2019.04.13"]
[EventType "swiss"]
[EventCountry "ESP"]
[SourceTitle "playchess.com"]
[Source "ChessBase"]
[SourceQuality "1"]
[TimeControl "5400+30"]

1. d4 {[%emt 0:00:00]} d5 {[%emt 0:12:54]} 2. c4 {[%emt 0:00:00]} e6 {[%emt 0:00:27]} 3. Nc3 {[%emt 0:00:00]} Nf6 {[%emt 0:00:01]} 4. cxd5 {[%emt 0:00:07]} exd5 {[%emt 0:00:02]} 5. Bg5 {[%emt 0:00:10]} c6 {[%emt 0:00:01]} 6. e3 {[%emt 0:00:43]} Be7 {[%emt 0:00:01]} 7. Bd3 {[%emt 0:01:00]} O-O {[%emt 0:00:04]} 8. Qc2 {[%emt 0:00:10]} Nbd7 {[%emt 0:00:01]} 9. Nge2 {[%emt 0:00:18]} Re8 {[%emt 0:00:15]} 10. O-O {[%emt 0:00:11]} h6 {[%emt 0:00:51]} 11. Bh4 {[%emt 0:01:24]} Ne4 {[%emt 0:01:00]} 12. Bxe7 {[%emt 0:06:06]} Qxe7 {[%emt 0:00:02]} 13. b4 {[%emt 0:02:19]} Ndf6 {[%emt 0:08:08]} 14. Rab1 {[%emt 0:08:41]} Bg4 {[%emt 0:15:58]} 15. Ng3 {[%emt 0:07:27]} Bd7 {[%emt 0:01:03]} 16. Rfe1 {[%emt 0:02:56]} Rac8 {[%emt 0:03:19]} 17. Nf1 {[%emt 0:03:42]} Qd6 {[%emt 0:01:02]} 18. f3 {[%emt 0:06:55]} Ng5 {[%emt 0:00:10]} 19. Qf2 {[%emt 0:05:25]} Ne6 {[%emt 0:00:02]} 20. Ng3 {[%emt 0:01:30]} Rcd8 {[%emt 0:05:11]} 21. Nf5 {[%emt 0:01:26]} Qc7 {[%emt 0:00:42]} 22. Qg3 {[%emt 0:03:42]} Qxg3 {[%emt 0:01:05]} 23. hxg3 {[%emt 0:00:22]} Bc8 {[%emt 0:00:31]} 24. g4 {[%emt 0:00:17]} g6 {[%emt 0:01:41]} 25. Ng3 {[%emt 0:00:36]} b6 {[%emt 0:01:05]} 26. Nge2 {[%emt 0:04:02]} Re7 {[%emt 0:00:29]} 27. Kf2 {[%emt 0:02:40]} Kg7 {[%emt 0:03:05]} 28. Rec1 {[%emt 0:04:01]} Bb7 {[%emt 0:00:47]} 29. Nd1 {[%emt 0:00:41]} Ne8 {[%emt 0:02:22]} 30. a4 {[%emt 0:02:40]} Nd6 {[%emt 0:00:36]} 31. a5 {[%emt 0:00:24]} Ree8 {[%emt 0:02:35]} 32. a6 {[%emt 0:03:00]} Ba8 {[%emt 0:00:08]} 33. Nf4 {[%emt 0:00:50]} Nf8 {[%emt 0:01:06]} 34. b5 {[%emt 0:01:41]} Rc8 {[%emt 0:02:26]} 35. bxc6 {[%emt 0:01:21]} Bxc6 {[%emt 0:00:29]} 36. Nc3 {[%emt 0:00:18]} Nc4 {[%emt 0:01:42]} 37. Ncxd5 {[%emt 0:02:04]} Bxd5 {[%emt 0:06:19]} 38. Nxd5 {[%emt 0:00:07]} Nd2 {[%emt 0:01:27]} 39. Rxc8 {[%emt 0:01:56]} Rxc8 {[%emt 0:00:02]} 40. Rb4 {[%emt 0:01:22]} Rc1 {[%emt 0:00:45]} 41. Ke2 {[%emt 0:01:23]} Nf1 {[%emt 0:00:53]} 42. Rb1 {[%emt 0:00:24]} Rxb1 {[%emt 0:00:59]} 43. Bxb1 {[%emt 0:00:07]} Ng3+ {[%emt 0:01:42]} 44. Kf2 {[%emt 0:00:23]} Nh1+ {[%emt 0:00:02]} 45. Kg1 {[%emt 0:00:06]} Ng3 {[%emt 0:00:06]} 46. Bd3 {[%emt 0:00:03]} h5 {[%emt 0:00:05]} 47. gxh5 {[%emt 0:00:18]} Nd7 {[%emt 0:04:12]} 48. hxg6 {[%emt 0:00:24]} fxg6 {[%emt 0:00:09]} 49. Bb5 {[%emt 0:00:31]} Nb8 {[%emt 0:01:01]} 50. e4 {[%emt 0:00:15]} Kf7 {[%emt 0:01:04]} 51. Kf2 {[%emt 0:01:26]} Nh5 {[%emt 0:00:13]} 52. Nxb6 {[%emt 0:01:08]} Nxa6 {[%emt 0:01:55]} 53. Nc8 {[%emt 0:00:05]} Nb4 {[%emt 0:00:24]} 54. Nxa7 {[%emt 0:00:16]} Nc2 {[%emt 0:01:33]} 55. Nc6 {[%emt 0:00:09]} Nf4 {[%emt 0:00:35]} 56. Bf1 {[%emt 0:05:51]} g5 {[%emt 0:05:09]} 57. g3 {[%emt 0:00:42]} Nh5 {[%emt 0:01:19]} 58. Bd3 {[%emt 0:00:14]} Na1 {[%emt 0:00:43]} 59. Na5 {[%emt 0:00:12]} Ke7 {[%emt 0:00:12]} 60. e5 {[%emt 0:00:35]} Ke6 {[%emt 0:00:37]} 61. Nb3 {[%emt 0:01:44]} Nxb3 {[%emt 0:00:24]} 62. Bc4+ {[%emt 0:00:05]} Ke7 {[%emt 0:00:02]} 63. Bxb3 {[%emt 0:00:07]} Ke8 {[%emt 0:01:13]} 64. Be6 {[%emt 0:00:49]} 1-0

[Event "XLII San Sebastian Open 2019"]
[Site "San Sebastian"]
[Date "2019.04.20"]
[Round "9.6"]
[White "Safranska, Anda"]
[Black "Suarez Garcia, Carlos"]
[Result "0-1"]
[WhiteElo "2167"]
[BlackElo "2424"]
[Annotator "NA"]
[PlyCount "111"]
[EventDate "2019.04.13"]
[EventType "swiss"]
[EventCountry "ESP"]
[SourceTitle "playchess.com"]
[Source "ChessBase"]
[SourceQuality "1"]
[TimeControl "5400+30"]

1. Nf3 {[%emt 0:03:24]} c5 {[%emt 0:00:00]} 2. g3 {[%emt 0:00:10]} Nc6 {[%emt 0:00:00]} 3. e4 {[%emt 0:00:53]} g6 {[%emt 0:00:01]} 4. Bg2 {[%emt 0:00:14]} Bg7 {[%emt 0:00:07]} 5. O-O {[%emt 0:00:09]} e5 {[%emt 0:00:22]} 6. c3 {[%emt 0:00:53]} Nge7 {[%emt 0:00:09]} 7. Na3 {[%emt 0:00:27]} O-O {[%emt 0:01:09]} 8. Nc2 {[%emt 0:00:37]} b6 {[%emt 0:10:21]} 9. d4 {[%emt 0:01:30]} exd4 $11 {[%emt 0:02:12]} 10. cxd4 {[%emt 0:00:05]} d6 {[%emt 0:05:53]} 11. d5 {[%emt 0:11:09]} Na5 {[%emt 0:01:11]} 12. Re1 {[%emt 0:02:06]} Nc4 {[%emt 0:09:19]} 13. Rb1 {[%emt 0:00:36]} Bg4 {[%emt 0:00:06]} 14. h3 {[%emt 0:05:47]} Bxf3 {[%emt 0:00:28]} 15. Bxf3 {[%emt 0:00:29]} Ne5 {[%emt 0:03:09]} 16. Bg2 {[%emt 0:00:24]} c4 {[%emt 0:00:54]} 17. Bf1 {[%emt 0:02:57]} Qd7 {[%emt 0:04:58]} 18. Kg2 {[%emt 0:10:57]} Qa4 {[%emt 0:09:45]} 19. Na3 {[%emt 0:01:10]} Qa6 {[%emt 0:00:05]} 20. b3 {[%emt 0:12:24]} Nd3 {[%emt 0:10:52]} 21. Bxd3 {[%emt 0:00:15]} cxd3 {[%emt 0:00:01]} 22. Re3 {[%emt 0:00:21]} f5 {[%emt 0:01:27]} 23. Qxd3 {[%emt 0:05:44]} Qxd3 {[%emt 0:00:08]} 24. Rxd3 {[%emt 0:00:05]} fxe4 {[%emt 0:00:05]} 25. Rd1 {[%emt 0:00:34]} Rf5 {[%emt 0:01:31]} 26. Nc4 {[%emt 0:10:49]} Raf8 {[%emt 0:02:09]} 27. Be3 {[%emt 0:00:06]} Nxd5 {[%emt 0:03:42]} 28. Rd2 {[%emt 0:00:19]} Nc3 {[%emt 0:03:34]} 29. Rc1 {[%emt 0:06:52]} d5 {[%emt 0:00:06]} 30. Nd6 {[%emt 0:00:47]} Rf3 {[%emt 0:07:33]} 31. Rxc3 {[%emt 0:01:30]} Bxc3 {[%emt 0:00:04]} 32. Rxd5 {[%emt 0:00:03]} Rd8 {[%emt 0:01:24]} 33. Nxe4 {[%emt 0:00:17]} Rxd5 {[%emt 0:00:06]} 34. Kxf3 {[%emt 0:00:08]} Bd4 {[%emt 0:00:56]} 35. Bd2 {[%emt 0:02:49]} Rd8 {[%emt 0:02:11]} 36. Ke2 {[%emt 0:00:08]} Bg7 {[%emt 0:01:53]} 37. f4 {[%emt 0:00:57]} h6 {[%emt 0:00:38]} 38. g4 {[%emt 0:02:49]} Kf7 {[%emt 0:00:03]} 39. Ng3 {[%emt 0:01:10]} Rc8 {[%emt 0:01:12]} 40. Kd3 {[%emt 0:00:06]} Rd8+ {[%emt 0:00:09]} 41. Ke2 {[%emt 0:00:04]} Bf6 {[%emt 0:04:25]} 42. Ne4 {[%emt 0:05:50]} Rd5 {[%emt 0:02:00]} 43. Be1 {[%emt 0:02:09]} Ke6 {[%emt 0:00:43]} 44. Bd2 {[%emt 0:00:21]} Kf7 {[%emt 0:02:12]} 45. Be1 {[%emt 0:00:24]} Rd7 {[%emt 0:01:04]} 46. Bd2 {[%emt 0:00:08]} Bb2 {[%emt 0:00:17]} 47. Ng3 {[%emt 0:00:19]} Rc7 {[%emt 0:00:47]} 48. f5 {[%emt 0:01:32]} Bc1 {[%emt 0:00:32]} 49. fxg6+ {[%emt 0:01:46]} Kxg6 {[%emt 0:00:03]} 50. Be1 {[%emt 0:00:07]} Bf4 {[%emt 0:00:26]} 51. Nf5 {[%emt 0:00:21]} Rc2+ {[%emt 0:00:28]} 52. Kd3 {[%emt 0:04:10]} Rxa2 {[%emt 0:00:56]} 53. Nh4+ {[%emt 0:03:35]} Kh7 {[%emt 0:00:06]} 54. Nf3 {[%emt 0:00:33]} Rb2 {[%emt 0:00:09]} 55. Kc3 {[%emt 0:01:01]} Re2 {[%emt 0:00:05]} 56. Kd4 0-1

[Event "XLII San Sebastian Open 2019"]
[Site "San Sebastian"]
[Date "2019.04.20"]
[Round "9.7"]
[White "Prieto Aranguren, Alain"]
[Black "Sanchez Arevalo, Luis"]
[Result "1-0"]
[WhiteElo "2257"]
[BlackElo "2020"]
[Annotator "NA"]
[PlyCount "77"]
[EventDate "2019.04.13"]
[EventType "swiss"]
[EventCountry "ESP"]
[SourceTitle "playchess.com"]
[Source "ChessBase"]
[SourceQuality "1"]
[TimeControl "5400+30"]

1. d4 {[%emt 0:00:00]} d5 {[%emt 0:00:00]} 2. c4 {[%emt 0:00:00]} c6 {[%emt 0:00:00]} 3. Nf3 {[%emt 0:00:00]} Nf6 {[%emt 0:00:00]} 4. Nc3 {[%emt 0:00:00]} e6 {[%emt 0:00:00]} 5. Bg5 {[%emt 0:00:19]} h6 {[%emt 0:00:00]} 6. Bh4 {[%emt 0:00:21]} dxc4 {[%emt 0:00:00]} 7. e4 {[%emt 0:00:34]} g5 {[%emt 0:00:06]} 8. Bg3 {[%emt 0:00:28]} b5 {[%emt 0:00:05]} 9. Be2 {[%emt 0:01:55]} Bb7 {[%emt 0:00:06]} 10. Ne5 {[%emt 0:01:18]} Nbd7 {[%emt 0:01:56]} 11. O-O {[%emt 0:01:18]} h5 {[%emt 0:01:42]} 12. Nxd7 {[%emt 0:03:06]} Qxd7 {[%emt 0:00:05]} 13. Be5 $11 {[%emt 0:02:12]} Rh6 {[%emt 0:00:09]} 14. f4 {[%emt 0:09:14]} g4 {[%emt 0:05:23]} 15. f5 {[%emt 0:05:52]} Bg7 {[%emt 0:20:41]} 16. Qd2 {[%emt 0:08:47]} O-O-O {[%emt 0:09:15]} 17. Qg5 {[%emt 0:11:05]} Rg8 {[%emt 0:00:08]} 18. fxe6 {[%emt 0:11:00]} Qxe6 {[%emt 0:00:27]} 19. Bxf6 {[%emt 0:19:11]} Rxf6 {[%emt 0:00:47]} 20. e5 {[%emt 0:00:34]} Rg6 {[%emt 0:04:07]} 21. Qxh5 {[%emt 0:01:48]} c5 {[%emt 0:17:04]} 22. Nxb5 {[%emt 0:03:33]} Qd5 {[%emt 0:01:35]} 23. Rf2 {[%emt 0:01:18]} cxd4 {[%emt 0:03:30]} 24. Bxc4 {[%emt 0:01:42]} Qxc4 {[%emt 0:06:43]} 25. Qxg6 {[%emt 0:00:06]} Qxb5 {[%emt 0:00:13]} 26. Qxf7 {[%emt 0:01:59]} Qd5 {[%emt 0:03:32]} 27. e6 {[%emt 0:00:23]} Rf8 {[%emt 0:03:06]} 28. Qxg7 {[%emt 0:00:11]} Rxf2 {[%emt 0:00:17]} 29. Qd7+ {[%emt 0:00:03]} Qxd7 {[%emt 0:01:06]} 30. exd7+ {[%emt 0:00:03]} Kxd7 {[%emt 0:00:03]} 31. Kxf2 {[%emt 0:00:08]} Kd6 {[%emt 0:00:23]} 32. h4 {[%emt 0:00:57]} gxh3 {[%emt 0:00:37]} 33. gxh3 {[%emt 0:00:05]} Be4 {[%emt 0:02:36]} 34. h4 {[%emt 0:00:09]} a5 {[%emt 0:00:31]} 35. h5 {[%emt 0:00:17]} a4 {[%emt 0:00:16]} 36. h6 {[%emt 0:00:07]} Kd5 {[%emt 0:00:32]} 37. Rg1 {[%emt 0:00:16]} Kc4 {[%emt 0:00:58]} 38. Ke2 {[%emt 0:00:45]} a3 {[%emt 0:01:33]} 39. Rc1+ {[%emt 0:00:40]} 1-0

[Event "XLII San Sebastian Open 2019"]
[Site "San Sebastian"]
[Date "2019.04.20"]
[Round "9.8"]
[White "Unciti Juan, Javier"]
[Black "Randazzo, Adrian"]
[Result "0-1"]
[WhiteElo "2000"]
[BlackElo "2248"]
[Annotator "NA"]
[PlyCount "67"]
[EventDate "2019.04.13"]
[EventType "swiss"]
[EventCountry "ESP"]
[SourceTitle "playchess.com"]
[Source "ChessBase"]
[SourceQuality "1"]
[TimeControl "5400+30"]

1. Nf3 {[%emt 0:00:00]} c5 {[%emt 0:00:00]} 2. g3 {[%emt 0:00:00]} Nc6 {[%emt 0:00:00]} 3. Bg2 {[%emt 0:00:12]} e5 {[%emt 0:00:19]} 4. O-O {[%emt 0:00:51]} g6 {[%emt 0:00:10]} 5. e4 {[%emt 0:04:00]} Bg7 {[%emt 0:00:13]} 6. d3 {[%emt 0:02:04]} Nge7 {[%emt 0:00:08]} 7. c3 {[%emt 0:06:11]} O-O {[%emt 0:00:26]} 8. Be3 b6 {[%emt 0:08:16]} 9. d4 {[%emt 0:10:52]} exd4 {[%emt 0:01:26]} 10. cxd4 {[%emt 0:00:03]} Ba6 {[%emt 0:00:11]} 11. Re1 {[%emt 0:00:22]} Nb4 {[%emt 0:01:37]} 12. Bf1 {[%emt 0:03:52]} Bxf1 {[%emt 0:00:19]} 13. Rxf1 {[%emt 0:01:04]} d5 {[%emt 0:01:21]} 14. e5 {[%emt 0:22:38]} cxd4 {[%emt 0:00:47]} 15. Bf4 {[%emt 0:00:33]} d3 {[%emt 0:03:56]} 16. Nc3 {[%emt 0:01:51]} Qc8 {[%emt 0:14:06]} 17. Nb5 {[%emt 0:17:13]} Qd7 {[%emt 0:12:36]} 18. Nbd4 {[%emt 0:07:03]} Rac8 {[%emt 0:23:30]} 19. Qb3 {[%emt 0:02:46]} Na6 {[%emt 0:05:57]} 20. Qxd3 {[%emt 0:01:18]} Nc5 {[%emt 0:00:05]} 21. Qe2 {[%emt 0:00:27]} Ne6 {[%emt 0:00:19]} 22. Be3 {[%emt 0:03:12]} Nxd4 {[%emt 0:01:19]} 23. Bxd4 {[%emt 0:00:19]} Nc6 {[%emt 0:00:06]} 24. Rad1 {[%emt 0:01:50]} Qg4 {[%emt 0:02:40]} 25. Rfe1 {[%emt 0:02:03]} Rfe8 {[%emt 0:02:34]} 26. Bc3 {[%emt 0:01:25]} Rcd8 {[%emt 0:00:28]} 27. Kg2 {[%emt 0:04:19]} Qa4 {[%emt 0:00:53]} 28. b3 {[%emt 0:00:42]} Qg4 {[%emt 0:00:45]} 29. h3 {[%emt 0:00:32]} Qc8 {[%emt 0:01:43]} 30. Qb5 {[%emt 0:02:45]} Qd7 {[%emt 0:01:07]} 31. a4 {[%emt 0:00:45]} h6 {[%emt 0:00:45]} 32. Qd3 {[%emt 0:00:44]} Kh7 {[%emt 0:01:41]} 33. b4 {[%emt 0:01:17]} d4 {[%emt 0:01:26]} 34. Qb5 {[%emt 0:03:47]} 0-1

[Event "XLII San Sebastian Open 2019"]
[Site "San Sebastian"]
[Date "2019.04.20"]
[Round "9.9"]
[White "Lopez Mijail, Nicolas"]
[Black "Moreno Estebanez, Patxi"]
[Result "1/2-1/2"]
[WhiteElo "1980"]
[BlackElo "2153"]
[Annotator "NA"]
[PlyCount "46"]
[EventDate "2019.04.13"]
[EventType "swiss"]
[EventCountry "ESP"]
[SourceTitle "playchess.com"]
[Source "ChessBase"]
[SourceQuality "1"]
[TimeControl "5400+30"]

1. e4 {[%emt 0:15:30]} c5 {[%emt 0:00:00]} 2. Nf3 {[%emt 0:00:06]} Nc6 {[%emt 0:00:12]} 3. d4 {[%emt 0:00:07]} cxd4 {[%emt 0:00:10]} 4. Nxd4 {[%emt 0:00:05]} g6 {[%emt 0:00:05]} 5. c4 {[%emt 0:00:05]} Bg7 {[%emt 0:00:07]} 6. Be3 {[%emt 0:00:06]} Nh6 {[%emt 0:03:53]} 7. Nc3 {[%emt 0:06:00]} O-O {[%emt 0:01:25]} 8. Be2 {[%emt 0:10:44]} f5 {[%emt 0:01:13]} 9. exf5 {[%emt 0:05:25]} Bxd4 {[%emt 0:01:19]} 10. Bxh6 {[%emt 0:00:54]} Rxf5 {[%emt 0:00:05]} 11. O-O {[%emt 0:01:00]} Qb6 {[%emt 0:30:37]} 12. Bf3 {[%emt 0:07:36]} Qxb2 {[%emt 0:25:50]} 13. Bxc6 {[%emt 0:00:42]} Bxf2+ {[%emt 0:01:24]} 14. Kh1 {[%emt 0:00:42]} Qxc3 {[%emt 0:06:48]} 15. Be4 {[%emt 0:19:40]} Rf6 {[%emt 0:02:23]} 16. Bd5+ {[%emt 0:00:30]} Kh8 {[%emt 0:01:18]} 17. Bg5 {[%emt 0:01:08]} Rf5 {[%emt 0:02:35]} 18. Bxe7 {[%emt 0:01:28]} Qe5 {[%emt 0:01:35]} 19. Ba3 {[%emt 0:01:07]} h6 {[%emt 0:04:19]} 20. Rb1 {[%emt 0:03:22]} Kh7 {[%emt 0:00:14]} 21. Bb2 {[%emt 0:00:58]} Qe7 {[%emt 0:01:46]} 22. Qd2 {[%emt 0:07:31]} Qe3 {[%emt 0:02:14]} 23. Qxe3 {[%emt 0:15:51]} Bxe3 {[%emt 0:00:25]} 1/2-1/2

[Event "XLII San Sebastian Open 2019"]
[Site "San Sebastian"]
[Date "2019.04.20"]
[Round "9.10"]
[White "Alfaro Garcia del Cerro, Juan L"]
[Black "Iturralde Echeverria, Ivan"]
[Result "0-1"]
[WhiteElo "2151"]
[BlackElo "1957"]
[Annotator "NA"]
[PlyCount "84"]
[EventDate "2019.04.13"]
[EventType "swiss"]
[EventCountry "ESP"]
[SourceTitle "playchess.com"]
[Source "ChessBase"]
[SourceQuality "1"]
[TimeControl "5400+30"]

1. d4 {[%emt 0:00:33]} Nf6 {[%emt 0:01:34]} 2. c4 {[%emt 0:00:23]} e6 {[%emt 0:00:07]} 3. g3 {[%emt 0:00:08]} d5 {[%emt 0:00:20]} 4. Nf3 {[%emt 0:00:04]} Be7 {[%emt 0:00:09]} 5. Bg2 {[%emt 0:00:06]} O-O {[%emt 0:00:07]} 6. O-O {[%emt 0:00:08]} dxc4 {[%emt 0:00:08]} 7. Qc2 {[%emt 0:00:04]} b5 {[%emt 0:00:07]} 8. a4 {[%emt 0:00:02]} b4 {[%emt 0:00:30]} 9. Nfd2 {[%emt 0:00:02]} c6 {[%emt 0:00:15]} 10. Nxc4 {[%emt 0:00:04]} Qxd4 {[%emt 0:00:27]} 11. b3 {[%emt 0:00:02]} Ba6 {[%emt 0:02:11]} 12. Bb2 {[%emt 0:01:19]} Qc5 {[%emt 0:03:34]} 13. Nbd2 {[%emt 0:00:22]} Nbd7 {[%emt 0:03:38]} 14. Rac1 {[%emt 0:01:29]} Rad8 {[%emt 0:16:27]} 15. e3 {[%emt 0:05:05]} Nb6 {[%emt 0:08:13]} 16. Rfe1 {[%emt 0:08:22]} Nxc4 {[%emt 0:01:34]} 17. Nxc4 {[%emt 0:00:06]} Bxc4 {[%emt 0:03:50]} 18. Bd4 {[%emt 0:07:38]} Qa5 {[%emt 0:08:46]} 19. Qxc4 {[%emt 0:00:08]} c5 {[%emt 0:00:49]} 20. Ba1 {[%emt 0:02:07]} Rd2 {[%emt 0:03:08]} 21. Bf3 {[%emt 0:01:53]} Rfd8 {[%emt 0:03:14]} 22. g4 {[%emt 0:02:18]} Nd5 {[%emt 0:07:37]} 23. Re2 {[%emt 0:04:15]} Nb6 {[%emt 0:04:31]} 24. Qf4 {[%emt 0:00:50]} R2d3 {[%emt 0:08:22]} 25. Be4 {[%emt 0:06:20]} Rxb3 {[%emt 0:10:48]} 26. Bc2 {[%emt 0:00:06]} Ra3 {[%emt 0:01:16]} 27. Qe4 {[%emt 0:00:42]} g6 {[%emt 0:00:33]} 28. Qe5 {[%emt 0:00:43]} Rxa1 {[%emt 0:00:35]} 29. Rxa1 {[%emt 0:00:51]} Qa6 {[%emt 0:00:40]} 30. Ree1 {[%emt 0:01:31]} c4 {[%emt 0:00:35]} 31. Qc7 {[%emt 0:01:08]} Nd5 {[%emt 0:01:07]} 32. Qg3 {[%emt 0:01:33]} b3 {[%emt 0:00:05]} 33. e4 {[%emt 0:06:31]} bxc2 {[%emt 0:01:24]} 34. exd5 {[%emt 0:00:42]} Rxd5 {[%emt 0:01:00]} 35. Rec1 {[%emt 0:02:16]} Bf6 {[%emt 0:01:27]} 36. Qf4 {[%emt 0:04:02]} Bxa1 {[%emt 0:00:26]} 37. Rxa1 {[%emt 0:00:09]} Rd1+ {[%emt 0:00:25]} 38. Kg2 {[%emt 0:00:11]} Qb7+ {[%emt 0:00:29]} 39. f3 {[%emt 0:01:47]} Rxa1 {[%emt 0:00:13]} 40. Qf6 {[%emt 0:00:01]} c1=Q {[%emt 0:00:52]} 41. Qd8+ {[%emt 0:00:16]} Kg7 {[%emt 0:00:11]} 42. Qd4+ {[%emt 0:00:01]} f6 {[%emt 0:00:09]} 0-1